000 00787nas a2200265 4500
001 BR0701940
003 BR-BrBNA
005 20231205110718.0
007 ta
008 230509b bl.|||p| |||| 00| 00por d
040 _aBR-BrBNA
_bpor
_cBiblioteca Nacional de Agricultura
041 _a(Pt)
072 _aF63
100 1 _aMachado, C.S.
100 1 _aCarvalho, C.A.L. de
245 1 _aAbelhas (Hymenoptera: Apoidea)visitantes dos capítulos de girassol no recôncavo baiano
650 _aGIRASSOL
650 _aABELHA
650 _aINSETO
650 _aPOLINIZAÇÃO
650 _aIDENTIFICAÇÃO
773 0 _tCiência Rural (Brazil)
_xISSN 0103-8478
_g(Sep-Oct 2006), v. 36(5) p. 1404-1409
_wBR0701940
909 _a202311
_bLúcia
_c55
_dLúcia Elande
942 _2AGRIS
_n0
_cANA
999 _c188694
_d188694